000 00613nam a2200193Ia 4500
005 20250508152856.0
008 008 250505s9999 xx 000 0 eng d
037 _aTextual
040 _aFEDL
_beng
_cFEDL
041 _aeng
_2eng
084 _a330.196 095 45, NAT
_qFEDL
245 0 _aTechno - economic survey of Punjab
245 0 _cNational Council of Applied Economic Research
260 _aNew Delhi, India
_bNational Council of Applied Economic Research
_c1962
300 _axii,234p
650 _aEconomics
942 _cTEXL
_h330.196 095 45, NAT
999 _c1339337
_d1339337